From man to society; (Record no. 1258)

MARC details
000 -LEADER
fixed length control field 00816nam a2200265 4500
001 - CONTROL NUMBER
control field 778404
003 - CONTROL NUMBER IDENTIFIER
control field OSt
005 - DATE AND TIME OF LATEST TRANSACTION
control field 20230619114616.0
008 - FIXED-LENGTH DATA ELEMENTS--GENERAL INFORMATION
fixed length control field 730814s1973 ilua b 001 0 eng
010 ## - LIBRARY OF CONGRESS CONTROL NUMBER
LC control number 73000575
020 ## - INTERNATIONAL STANDARD BOOK NUMBER
International Standard Book Number 0030891647
040 ## - CATALOGING SOURCE
Original cataloging agency DLC
Transcribing agency DLC
Modifying agency DLC
050 00 - LIBRARY OF CONGRESS CALL NUMBER
Classification number HM251
Item number .A26
082 00 - DEWEY DECIMAL CLASSIFICATION NUMBER
Classification number 301
Item number ACU
100 1# - MAIN ENTRY--PERSONAL NAME
Personal name Acuff, F. Gene.
245 10 - TITLE STATEMENT
Title From man to society;
Remainder of title introductory sociology,
Statement of responsibility, etc. by F. Gene Acuff, Donald E. Allen [and] Lloyd A. Taylor.
260 ## - PUBLICATION, DISTRIBUTION, ETC. (IMPRINT)
Place of publication, distribution, etc. Hinsdale, Ill.,
Name of publisher, distributor, etc. Dryden Press
Date of publication, distribution, etc. [1973]
300 ## - PHYSICAL DESCRIPTION
Extent x, 589 p.
Other physical details illus.
Dimensions 25 cm.
504 ## - BIBLIOGRAPHY, ETC. NOTE
Bibliography, etc Includes bibliographical references.
650 #0 - SUBJECT ADDED ENTRY--TOPICAL TERM
Topical term or geographic name as entry element Sociology.
700 1# - ADDED ENTRY--PERSONAL NAME
Personal name Allen, Donald E.,
Relator term joint author.
700 1# - ADDED ENTRY--PERSONAL NAME
Personal name Taylor, Lloyd A.,
Relator term joint author.
906 ## - LOCAL DATA ELEMENT F, LDF (RLIN)
a 7
b cbc
c orignew
d 2
e ocip
f 19
g y-gencatlg
942 ## - ADDED ENTRY ELEMENTS (KOHA)
Source of classification or shelving scheme Dewey Decimal Classification
Koha item type Books
Holdings
Withdrawn status Lost status Source of classification or shelving scheme Damaged status Not for loan Home library Current library Date acquired Total Checkouts Full call number Barcode Date last seen Price effective from Koha item type
    Dewey Decimal Classification     County Hall Archives County Hall Archives 06/19/2023   301 ACU 10000809 06/19/2023 06/19/2023 Books
LIBRARY OPENING HOURS

When the Parliament is sitting: 8.00a.m - 7.00p.m or until the house adjourns
Mondays and Fridays and when the House is on Recess:  8.00a.m - 5.00p.m
Closed on Weekends and Public Holidays

Online Public Access Catalog (OPAC)
Website: http://www.parliament.go.ke
Bunge Library: https://libraryir.parliament.go.ke
Contact: library@parliament.go.ke | Tel no: (254-2)2221291 or 2848000 Ext 5043